Francis Cabrel en chansons # 2 - Statistiques

Statistiques générales
  • Ce quiz a été pris 1 342 fois
    1 313 depuis la dernière actualisation
  • Le résultat moyen est 10 sur 28
Statistiques - réponses
Chanson Paroles % Correct
Petite Marie Je viens du ciel et les étoiles entre elles Ne parlent que de toi
95%
Je l'aime à mourir Elle a dû faire toutes les guerres Pour être si forte aujourd'hui
93%
La corrida Ce soir la femme du torero Dormira sur ses deux oreilles
91%
L'encre de tes yeux J'aimerais quand même te dire Tout ce que j'ai pu écrire
80%
Encore et encore Quelque chose vient de tomber Sur les lames de ton plancher
70%
La dame de Haute-Savoie Quand je serai fatigué D'avancer dans les brumes d'un rêve
60%
Les murs de poussière Il voulait trouver mieux Que son lopin de terre
52%
Octobre Le soleil sortira à peine Nos corps se cacheront sous des bouts de laine
45%
C'est écrit Elle rentrera blessée Dans les parfums d'un autre
43%
La cabane du pêcheur Je lui ai dit Si tu pleures pour un garçon Tu seras pas la dernière
42%
Gardien de nuit Gardien de Zoo c'est peinard C'est pas souvent que les pingouins se barrent
38%
Je t'aimais, je t'aime, je t'aimerai Le ciel prétend qu'il te connait Il est si beau c'est sûrement vrai
38%
Sarbacane Pas besoin de phrases ni de longs discours, Ça change tout dedans, ça change tout autour
38%
Samedi soir sur la terre Il s'installe, il regarde partout Il prépare ses phrases
26%
Il faudra leur dire Puisqu'on vit dans la même lumière Même s'il y des couleurs qu'ils préfèrent
25%
Animal Tu voudrais qu'elle rêve, Tu gardes un petit doigt en l'air
14%
Hors saison La mer quand même Dans ses rouleaux continue Son même thème Sa chanson vide et têtue
13%
La robe et l'échelle Mais les pieds sur les premiers barreaux J'ai senti glisser le manteau de l'enfance
13%
La fille qui m'accompagne Elle prendra jamais mon cœur pour un hôtel Je dirai les mots qu'elle attend
12%
Carte postale Envolés les rires des nuits de moissons Et allumés les postes de télévision
10%
Tout le monde y pense Y'a des gens plein les urgences, Sous les lumières des abats-jour
10%
Ma place dans le trafic Je suis un mutant, un nouvel homme Je ne possède même pas mes désirs
9%
Bonne nouvelle Chaque fois que je te vois, que je t'appelle La vie me donne ce que j'attends d'elle
8%
Répondez-moi Et moi, je vois passer vos chiens superbes aux yeux de glace Portés sur des coussins que les maîtres embrassent
8%
Question d'équilibre Quand t'es partie ça m'a coupé les ailes Depuis le plancher m'appelle
7%
Saïd ou Mohammed Ses enfants qui font rien à l'école Et qui ont les poches pleines de tubes de colle De toute façon personne ne t'aide
5%
Tourner les hélicos Après tu défiles pour 3 tickets de resto Et puis tu pars tranquille dans ton wagon de métro Elle elle entend, elle entend ...
4%
Les gens absents Les fleurs et les hommes En perdent leurs couleurs Et toujours personne Sur le répondeur
2%
Aucun quiz correspondant
Distribution des résultats
% des personnes avec chaque résultat
Percentile par nombre de réponses
Votre historique - résultats
Vous n’avez pas pris ce quiz depuis la dernière actualisation